Probleme de cercetare operationala
Saved in:
| Main Authors: | , |
|---|---|
| Format: | Book |
| Language: | Romanian |
| Published: |
Bucuresti :
Editura Tehnica,
1978
|
| Series: | Seria Culegeri de probleme de matematica si fizica
|
| Subjects: | |
| Tags: |
Add Tag
No Tags, Be the first to tag this record!
|
MARC
| LEADER | 00000cam a2200000 a 4500 | ||
|---|---|---|---|
| 001 | 1/106771 | ||
| 008 | 150605s1978####rm | ||| |||| ||rum|| | ||
| 040 | |a GR-MyUa |b gre |c GR-MyUa |e AACR2 | ||
| 041 | 0 | |a rum | |
| 082 | 7 | |a 511.8 |2 (23) | |
| 100 | 1 | |a Vranceanu, G. Gh. |q (George Gh.), |d 1929- | |
| 245 | 1 | 0 | |a Probleme de cercetare operationala / |c Gheorghe Gh. Vranceanu ; Stefan Mititelu. |
| 260 | |a Bucuresti : |b Editura Tehnica, |c 1978 | ||
| 300 | |a 383 σ. : |b πίν. ; |c 21 εκ. | ||
| 490 | 1 | |a (Seria Culegeri de probleme de matematica si fizica) | |
| 650 | 0 | |a Algorithms. | |
| 650 | 0 | |a Linear programming. | |
| 650 | 0 | |a Programming (Mathematics) | |
| 650 | 0 | |a Stochastic programming. | |
| 700 | 1 | |a Mititelu, Stefan, |e aut | |
| 830 | 0 | |a Seria Culegeri de probleme de matematica si fizica | |
| 852 | |a INST |b SAMOS |c MAG |e 20150605 |h 511.8 VRA |p 005300034942 |q 005300034942 |t BK |y 0 | ||
| 970 | |a Σιτζίμη |b Γιασεμή |z 05/06/2015 | ||